01399cam a22003858i 450000100090000000300050000900500170001400800410003101000170007202000420008903800120013104000230014304200080016605000230017408200210019710000830021824501350030125000120043626300090044826400540045730000130051133600260052433700280055033800270057850400510060556300140065665000350067070000490070570000400075470000420079490600450083694200120088199900190089395201010091220354840NUST20211020145950.0180212s2018 flu b 001 0 eng  a 2018006938 a9781138724792 (hardback : alk. paper) akhadija aDLCbengerdacDLC apcc00aTK1001b.E347 201800a621.319223bELE aGomez-Exposito , antonio & Conejo , Antonio J. & Canizares , Claudio A.91837900aElectric Energy Systems :banalysis and operation /cedited by Antonio Gómez-Expósito, Antonio J. Conejo, Claudio Cañizares. a2nd ed. a1807 1aBoca Raton :bTaylor & Francis, CRC Press,c2018. apages cm atextbtxt2rdacontent aunmediatedbn2rdamedia avolumebnc2rdacarrier aIncludes bibliographical references and index. ahardcover 0aElectric power systems.9183751 aGómez Expósito, Antonio,eeditor.9696091 aConejo, Antonio J.,eeditor.9183771 aCañizares, Claudio,eeditor.918378 a7bcbccorignewd1eecipf20gy-gencatlg 2ddccBK c527241d527241 00102ddc4070aSMMEbSMMEcGENd2019-07-23o621.319 ELEpSMME-3412r2019-07-23w2019-07-23yBK